000
00428nam a22001337a 4500
008
110513t xxu||||| |||| 00| 0 eng d
020
_a
0406940053
082
_a
348.043
245
_a
Low Reports of the Commonwealth 2001 Vol 1 /
260
_a
London:
_b
Butterworths,
_c
2011.
300
_a
v;
942
_2
ddc
_c
BK
999
_c
1854
_d
1854